| 000 | 00572nam a2200181Ia 4500 | ||
|---|---|---|---|
| 008 | 090124s9999 xx 000 0 und d | ||
| 082 | _b3212 | ||
| 100 | _aकाणेकर अनंत | ||
| 245 | _a निऴय़ा ठिणग्य़ा | ||
| 250 | _a1 | ||
| 260 |
_bसरोज प्रकाशन _c1972 |
||
| 300 | _a188 | ||
| 600 | _aकाणेकर अनंत | ||
| 630 | _a निऴय़ा ठिणग्य़ा | ||
| 700 | _aकाणेकर अनंत | ||
| 730 | _a निऴय़ा ठिणग्य़ा | ||
| 942 | _cBOOK | ||
| 999 |
_c83009 _d83009 |
||